000
00265nam a2200109Ia 4500
008
220204s9999 xx 000 0 und d
082
_a
82-3
_b
STE
100
_a
Stevenson, Robert Louis
245
0
_a
Dr Jekyll and Mr Hyde
260
_a
New York
_b
Airmont
942
_c
BK
999
_c
38246
_d
38246